|
|
|
|
| LEADER |
00000nab a2200000 a 4500 |
| 001 |
vtls000834095 |
| 003 |
SK-MaSNL |
| 005 |
20260304172823.0 |
| 008 |
250526c2003 xo 0 slo |
| 015 |
|
|
|a SNBRB2003/05-13926
|
| 035 |
|
|
|a CLN000185750
|
| 035 |
|
|
|a urn:nbn:sk:snk-ab27p3
|
| 035 |
|
|
|a (urnnbn)urn:nbn:sk:snk:ar-a01w53
|
| 035 |
|
|
|a (uuid)e316cfcd-a45d-488d-a2f1-ac60ebc2fd33
|
| 040 |
|
|
|a SNKBUCL
|b slo
|c SNKBUCL
|e AACR2
|
| 041 |
0 |
|
|a slo
|
| 044 |
|
|
|a xo
|c SK
|
| 080 |
|
|
|a 630 232
|2 UDC-MRF-SK2
|
| 100 |
1 |
|
|a Bystriansky, Stanislav
|4 aut
|9 611644
|
| 245 |
1 |
0 |
|a Dovolím si nesúhlasiť-
|c Stanislav Bystriansky
|
| 500 |
|
|
|a Reakcia na článok Obaľované sadenice (semenáčiky) - áno, či nie? / Anna Tučeková. - Slovenské lesokruhy. - Č. 1-2 (2003), s. 11-13 a 25
|
| 650 |
0 |
7 |
|a dreviny lesné
|x sadenice krytokorenné
|x ohlasy
|2 snkbucl
|9 1502626
|
| 650 |
0 |
7 |
|a sadenice krytokorenné
|2 snkbucl
|9 1502431
|
| 650 |
0 |
7 |
|a zalesňovanie
|2 snkbucl
|9 16543
|
| 655 |
|
7 |
|a články z novín a časopisov
|2 snkbucl
|9 267496
|
| 773 |
0 |
|
|t Slovenské lesokruhy
|g Č. 1-2 (2003), s. 13
|x 1336-0612
|
| 850 |
|
|
|a Slovenská národná knižnica
|
| 852 |
|
|
|a Slovenská národná knižnica
|
| 958 |
|
|
|a ONDV
|
| 958 |
|
|
|a article27
|
| 999 |
|
|
|c 3000239
|d 3002169
|